<?xml version="1.0" encoding="UTF-8"?>
<record
    xmlns:xsi="http://www.w3.org/2001/XMLSchema-instance"
    xsi:schemaLocation="http://www.loc.gov/MARC21/slim http://www.loc.gov/standards/marcxml/schema/MARC21slim.xsd"
    xmlns="http://www.loc.gov/MARC21/slim">

  <leader>00781nam a22002177a 4500</leader>
  <controlfield tag="005">20250122152836.0</controlfield>
  <controlfield tag="008">250115b           ||||| |||| 00| 0 eng d</controlfield>
  <datafield tag="020" ind1=" " ind2=" ">
    <subfield code="a">978195610518</subfield>
  </datafield>
  <datafield tag="040" ind1=" " ind2=" ">
    <subfield code="c">AL</subfield>
  </datafield>
  <datafield tag="041" ind1=" " ind2=" ">
    <subfield code="a">kan</subfield>
  </datafield>
  <datafield tag="082" ind1=" " ind2=" ">
    <subfield code="2">23</subfield>
    <subfield code="a">321.8K </subfield>
    <subfield code="b">DWAB</subfield>
  </datafield>
  <datafield tag="100" ind1=" " ind2=" ">
    <subfield code="a">C S Dwarakanath:</subfield>
    <subfield code="9">194625</subfield>
  </datafield>
  <datafield tag="100" ind1=" " ind2=" ">
    <subfield code="9">193506</subfield>
    <subfield code="d"> &#xCB8;&#xCBF; &#xC8E;&#xCB8;&#xCCD; &#xCA6;&#xCCD;&#xCB5;&#xCBE;&#xCB0;&#xC95;&#xCBE;&#xCA8;&#xCBE;&#xCA5;&#xCCD; Ed</subfield>
  </datafield>
  <datafield tag="245" ind1=" " ind2=" ">
    <subfield code="a">Bharata Samvidhana:</subfield>
    <subfield code="b">&#xCAD;&#xCBE;&#xCB0;&#xCA4; &#xCB8;&#xC82;&#xCB5;&#xCBF;&#xCA7;&#xCBE;&#xCA8; </subfield>
  </datafield>
  <datafield tag="260" ind1=" " ind2=" ">
    <subfield code="a">Bengaluru</subfield>
    <subfield code="b">Kala Kusuma Creations</subfield>
    <subfield code="c">2022</subfield>
  </datafield>
  <datafield tag="300" ind1=" " ind2=" ">
    <subfield code="a">xx,368p.</subfield>
    <subfield code="b">PB</subfield>
    <subfield code="c">28x21cm.</subfield>
  </datafield>
  <datafield tag="365" ind1=" " ind2=" ">
    <subfield code="2">Political Science</subfield>
    <subfield code="a">BLCR-000062</subfield>
    <subfield code="b">680.00</subfield>
    <subfield code="c">&#x20B9;</subfield>
    <subfield code="d">850.00</subfield>
    <subfield code="e">20%</subfield>
    <subfield code="f">07-01-02025</subfield>
  </datafield>
  <datafield tag="650" ind1=" " ind2=" ">
    <subfield code="a">Indian Constitution</subfield>
    <subfield code="9">193500</subfield>
  </datafield>
  <datafield tag="700" ind1=" " ind2=" ">
    <subfield code="a">DWARAKANATH (C S): &#xCA6;&#xCCD;&#xCB5;&#xCBE;&#xCB0;&#xC95;&#xCBE;&#xCA8;&#xCBE;&#xCA5;&#xCCD; (&#xCB8;&#xCBF; &#xC8E;&#xCB8;&#xCCD;) Ed</subfield>
    <subfield code="9">193501</subfield>
  </datafield>
  <datafield tag="942" ind1=" " ind2=" ">
    <subfield code="2">ddc</subfield>
    <subfield code="c">BK</subfield>
  </datafield>
  <datafield tag="999" ind1=" " ind2=" ">
    <subfield code="c">233630</subfield>
    <subfield code="d">233630</subfield>
  </datafield>
  <datafield tag="952" ind1=" " ind2=" ">
    <subfield code="0">0</subfield>
    <subfield code="1">0</subfield>
    <subfield code="2">ddc</subfield>
    <subfield code="4">0</subfield>
    <subfield code="7">0</subfield>
    <subfield code="8">PS</subfield>
    <subfield code="a">AL</subfield>
    <subfield code="b">AL</subfield>
    <subfield code="d">2025-01-07</subfield>
    <subfield code="e">Navakarnataka Publications Pvt. Ltd. Mangaluru-575001</subfield>
    <subfield code="g">680.00</subfield>
    <subfield code="l">1</subfield>
    <subfield code="o">321.8K DWAB</subfield>
    <subfield code="p">077503</subfield>
    <subfield code="r">2026-04-11 12:33:10</subfield>
    <subfield code="s">2025-07-09</subfield>
    <subfield code="v">850.00</subfield>
    <subfield code="w">2025-01-15</subfield>
    <subfield code="y">BK</subfield>
  </datafield>
</record>
